Seinfeld Episodes Quiz Stats

 Plays Quiz Updated Feb 23, 2019

Score 0/180 Timer 15:00
2 Plays Today
Season Episode % Correct
Season 1The Seinfeld Chronicles
88%
Season 4The Pilot, Part 1
85.9%
Season 4The Pilot, Part 2
85.9%
Season 6The Soup
81.7%
Season 9The Finale, Part 1
78%
Season 9The Finale, Part 2
78%
Season 4The Contest
74.3%
Season 2The Chinese Restaurant
73%
Season 7The Soup Nazi
72.1%
Season 3The Parking Garage
70.3%
Season 5The Hamptons
69.3%
Season 4The Trip, Part 1
69.2%
Season 4The Trip, Part 2
69.2%
Season 5The Puffy Shirt
68.2%
Season 4The Bubble Boy
64.2%
Season 3The Boyfriend, Part 1
64.2%
Season 3The Boyfriend, Part 2
64.2%
Season 4The Virgin
64.1%
Season 7The Cadillac, Part 1
64%
Season 7The Cadillac, Part 2
64%
Season 3The Pen
63.7%
Season 9The Puerto Rican Day
63.5%
Season 8The Summer of George
63.4%
Season 2The Deal
63.3%
Season 7The Engagement
63.2%
Season 3The Dog
63.1%
Season 2The Pony Remark
63%
Season 1Male Unbonding
62.8%
Season 3The Keys
62.5%
Season 1The Stake Out
62.3%
Season 4The Movie
62.2%
Season 7The Rye
62.2%
Season 5The Opposite
61.6%
Season 2The Jacket
61.5%
Season 2The Apartment
61.4%
Season 7The Invitations
60.3%
Season 3The Parking Space
60.3%
Season 4The Junior Mint
59.9%
Season 4The Wallet
59.8%
Season 4The Airport
59.8%
Season 8The Little Jerry
59.7%
Season 5The Mango
59.6%
Season 5The Raincoats, Part 1
59.5%
Season 5The Raincoats, Part 2
59.5%
Season 5The Marine Biologist
59.5%
Season 1The Stock Tip
59.4%
Season 9The Chronicle, Part 1
59.4%
Season 9The Chronicle, Part 2
59.4%
Season 8The Bizarro Jerry
58.8%
Season 6The Race
58.5%
Season 9The Frogger
58.2%
Season 4The Watch
58.1%
Season 4The Opera
57.7%
Season 6The Fusilli Jerry
57.2%
Season 1The Robbery
57.2%
Season 7The Bottle Deposit, Part 1
57.1%
Season 7The Bottle Deposit, Part 2
57.1%
Season 5The Fire
56.8%
Season 4The Cheever Letters
56.8%
Season 9The Butter Shave
56.5%
Season Episode % Correct
Season 7The Postponement
56.5%
Season 3The Library
56.4%
Season 3The Subway
56.4%
Season 8The Little Kicks
56.3%
Season 5The Cigar Store Indian
56%
Season 6The Big Salad
55.7%
Season 4The Pitch
55.6%
Season 3The Red Dot
55.5%
Season 2The Busboy
55.4%
Season 3The Note
55.2%
Season 5The Glasses
55.2%
Season 3The Limo
55.1%
Season 4The Smelly Car
55%
Season 6The Highlights of 100, Part 1
54.7%
Season 6The Highlights of 100, Part 2
54.7%
Season 9The Serenity Now
54.7%
Season 8The Foundation
54.6%
Season 2The Ex-Girlfriend
54.6%
Season 6The Jimmy
54.2%
Season 4The Pick
54.2%
Season 4The Shoes
54.2%
Season 4The Handicap Spot
54%
Season 8The Yada Yada
53.9%
Season 9The Dealership
53.3%
Season 9The Maid
53.2%
Season 3The Pez Dispenser
52.8%
Season 6The Understudy
52.7%
Season 6The Chinese Woman
52.2%
Season 9The Voice
52.2%
Season 6The Couch
51.8%
Season 3The Letter
51.7%
Season 9The Merv Griffin Show
51.5%
Season 8The Chicken Roaster
51.5%
Season 2The Statue
51.5%
Season 5The Bris
51.5%
Season 5The Non-Fat Yogurt
51.4%
Season 5The Wife
50.9%
Season 5The Dinner Party
50.9%
Season 2The Revenge
50.7%
Season 2The Heart Attack
50.7%
Season 3The Cafe
50.6%
Season 7The Calzone
50.5%
Season 4The Ticket
50.4%
Season 7The Maestro
50.3%
Season 6The Face Painter
50.3%
Season 8The Muffin Tops
50.3%
Season 5The Sniffing Accountant
50.2%
Season 2The Phone Message
49.9%
Season 9The Betrayal
49.7%
Season 2The Baby Shower
49.4%
Season 7The Gum
49.3%
Season 6The Chaperone
49.3%
Season 4The Outing
49%
Season 5The Pie
48.9%
Season 3The Tape
48.4%
Season 6The Switch
48.3%
Season 4The Old Man
48.2%
Season 4The Visa
48.1%
Season 6The Doorman
48%
Season 9The Blood
47.9%
Season Episode % Correct
Season 6The Kiss Hello
47.7%
Season 6The Mom & Pop Store
47.7%
Season 9The Bookstore
47.7%
Season 5The Masseuse
47.7%
Season 9The Strike
47.4%
Season 5The Conversion
47.1%
Season 8The Susie
47.1%
Season 7The Hot Tub
47%
Season 7The Friars Club
47%
Season 9The Slicer
47%
Season 3The Truth
46.9%
Season 7The Pool Guy
46.7%
Season 3The Alternate Side
46.6%
Season 3The Nose Job
46.6%
Season 5The Stand In
46.5%
Season 8The Checks
46.4%
Season 7The Wig Master
45.7%
Season 9The Reverse Peephole
45.6%
Season 7The Sponge
45.5%
Season 4The Implant
45.5%
Season 8The Van Buren Boys
45.5%
Season 3The Stranded
45.4%
Season 3The Suicide
45.3%
Season 5The Lip Reader
45.3%
Season 8The Andrea Doria
45.1%
Season 7The Wait Out
45%
Season 6The Scofflaw
45%
Season 8The Fatigues
44.9%
Season 7The Doll
44.9%
Season 6The Diplomat's Club
44.7%
Season 8The Money
44.2%
Season 6The Gymnast
44%
Season 9The Wizard
43.5%
Season 5The Stall
43.4%
Season 5The Barber
43.3%
Season 8The Nap
43.3%
Season 6The Pledge Drive
43.2%
Season 3The Fix-Up
43%
Season 8The English Patient
42.9%
Season 9The Apology
42.9%
Season 7The Caddy
42.7%
Season 6The Doodle
42.6%
Season 3The Good Samaritan
42.5%
Season 9The Burning
42.5%
Season 6The Label Maker
42.5%
Season 7The Seven
42.3%
Season 7The Shower Head
42%
Season 8The Comeback
41.8%
Season 8The Millennium
41.7%
Season 8The Abstinence
41.6%
Season 9The Strong Box
41.5%
Season 7The Wink
41.4%
Season 8The Pothole
41.3%
Season 9The Junk Mail
41.2%
Season 6The Beard
41.1%
Season 6The Secretary
40.5%
Season 9The Cartoon
39.6%
Season 7The Secret Code
39.1%
Season 8The Soul Mate
39%
Season 8The Package
36.8%

You're not logged in!

Compare scores with friends on all Sporcle quizzes.
OR
Log In

Sporcle TV

Today on Sporcle TV


Watch our educational content, quiz creation guides, and fun videos on Sporcle TV.

Show Comments

Extras

Top Quizzes Today


Score Distribution

Your Account Isn't Verified!

In order to create a playlist on Sporcle, you need to verify the email address you used during registration. Go to your Sporcle Settings to finish the process.

Report this User

Report this user for behavior that violates our Community Guidelines.

Details: